About America: beyond the Oregon trail (Record no. 518841)

000 -LEADER
fixed length control field 00441nam a22001457a 4500
020 ## - INTERNATIONAL STANDARD BOOK NUMBER
International Standard Book Number 978939065886
082 ## - DEWEY DECIMAL CLASSIFICATION NUMBER
Classification number D2x73 D969
100 ## - MAIN ENTRY--PERSONAL NAME
Personal name Dwivedi, Manan
9 (RLIN) 28828
245 ## - TITLE STATEMENT
Title About America: beyond the Oregon trail
Statement of responsibility, etc by Manan Dwivedi and Raghubansh Sinha
260 ## - PUBLICATION, DISTRIBUTION, ETC. (IMPRINT)
Place of publication, distribution, etc New Delhi
Name of publisher, distributor, etc Ane Books
Date of publication, distribution, etc 2021
300 ## - PHYSICAL DESCRIPTION
Extent 164p.
650 ## - SUBJECT ADDED ENTRY--TOPICAL TERM
Topical term or geographic name as entry element Diplomacy
9 (RLIN) 29718
650 ## - SUBJECT ADDED ENTRY--TOPICAL TERM
Topical term or geographic name as entry element United States - Foreign relations
9 (RLIN) 29719
700 ## - ADDED ENTRY--PERSONAL NAME
Personal name Sinha, Raghubansh
9 (RLIN) 28829
Holdings
Withdrawn status Lost status Source of classification or shelving scheme Damaged status Koha normalized classification for sorting Not for loan Permanent location Current location Shelving location Date acquired Full call number Barcode Date last seen Price effective from Koha item type
        D_2X73_D969   Indian Institute of Public Administration Indian Institute of Public Administration On Display 2021-11-17 D2x73 D969 GR23892 2021-11-17 2021-11-17 GR
        D_2X73_D969_C_2_000000000000000   Indian Institute of Public Administration Indian Institute of Public Administration On Display 2022-02-11 D2x73 D969/c.2 GR23895 2022-02-11 2022-02-11 GR

Powered by Koha